ბათუმის შოთა რუსთაველის სახელმწიფო უნივერსიტეტის ბიბლიოთეკა

Археология Франции от палеолита до эпохи Меровингов / (ბიბ.ჩანაწერი № 61018)

000 -LEADER
fixed length control field 00768nam a22001697a 4500
005 - DATE AND TIME OF LATEST TRANSACTION
control field 20231207111246.0
008 - FIXED-LENGTH DATA ELEMENTS--GENERAL INFORMATION
fixed length control field 231207s1982 ru ||||| |||| 00| 0 rus d
041 ## - LANGUAGE CODE
Language code of text/sound track or separate title rus
080 ## - UNIVERSAL DECIMAL CLASSIFICATION NUMBER
Universal Decimal Classification number 903.2(44)+069 А-87
245 ## - TITLE STATEMENT
Title Археология Франции от палеолита до эпохи Меровингов /
Remainder of title Каталог выставки из собрания Музея нац. древностей Сен-Жермен-ан-Лэ (Париж) .
Statement of responsibility, etc.
264 ## - PRODUCTION, PUBLICATION, DISTRIBUTION, MANUFACTURE, AND COPYRIGHT NOTICE
Place of production, publication, distribution, manufacture Л. :
Name of producer, publisher, distributor, manufacturer Искусство,
Date of production, publication, distribution, manufacture, or copyright notice 1982.
300 ## - PHYSICAL DESCRIPTION
Extent 103с. :
Other physical details ил. ;
Dimensions 21см.
653 ## - INDEX TERM--UNCONTROLLED
keyword საფრანგეთი
653 ## - INDEX TERM--UNCONTROLLED
keyword არქეოლოგია
653 ## - INDEX TERM--UNCONTROLLED
keyword პალეოლითიდან მეროვინგამდე
942 ## - ADDED ENTRY ELEMENTS (KOHA)
Source of classification or shelving scheme
Koha item type წიგნი
ეგზემპლარები
Withdrawn status Lost status Source of classification or shelving scheme Damaged status Not for loan Permanent Location Current Location Shelving location Date acquired Cost, normal purchase price Full call number Barcode Date last seen Copy number Uniform Resource Identifier Price effective from Koha item type Public note
          ბათუმის შოთა რუსთაველის სახელმწიფო უნივერსიტეტის მთავარი ბიბლიოთეკა ბათუმის შოთა რუსთაველის სახელმწიფო უნივერსიტეტის მთავარი ბიბლიოთეკა წიგნსაცავი 2023-12-07 6.00 903.2(44)+069 А-87 65548 2023-12-07 65548 ბსუ-ს საპატიო დოქტორის გურამ ლორთქიფანიძის საჩუქარი 2023-12-07 წიგნი 6 ლ.